Horizonte y metodología de las finanzas
Saved in:
| Hovedforfatter: | |
|---|---|
| Format: | Bog |
| Sprog: | spansk |
| Udgivet: |
Ciudad de México
Herrero Hermanos Sucesores
1968
|
| Serier: | Fundamentos de las Finanzas
|
| Fag: | |
| Tags: |
Tilføj Tag
Ingen Tags, Vær først til at tagge denne postø!
|
MARC
| LEADER | 00000nam a2200000 a 4500 | ||
|---|---|---|---|
| 001 | UCR8646 | ||
| 003 | CL-VaPUC | ||
| 008 | 980529e19680000MX |||||||||||||||||spa|d | ||
| 082 | 0 | 4 | |a 332 |b WES |2 21 |
| 100 | 0 | |a Weston, John Frederick |e author |9 410647 | |
| 245 | 1 | 0 | |a Horizonte y metodología de las finanzas |
| 300 | |a 179 p | ||
| 942 | |c BK | ||
| 945 | |d 19980529 00:00:00 |a crobeson | ||
| 260 | |a Ciudad de México |b Herrero Hermanos Sucesores |c 1968 | ||
| 650 | 0 | |a Economía financiera |9 359635 | |
| 650 | 0 | |a Finanzas |9 260832 | |
| 583 | |a last modification |c 19980529 00:00:00 |k Rodrigo Vera | ||
| 490 | 0 | |a Fundamentos de las Finanzas | |
| 999 | |c 270042 |d 270040 | ||
| 952 | |0 0 |1 0 |4 0 |6 332_000000000000000_WES_1968 |7 0 |8 A |9 304154 |a BIBGIM |b BIBGIM |d 2019-11-20 |i 1403834 |o 332 WES 1968 |p 1403834 |r 2025-01-15 |w 2019-11-20 |y BK |k COM | ||
| 952 | |0 0 |1 0 |4 0 |6 332_000000000000000_WES_1968 |7 0 |8 A |9 304155 |a BIBGIM |b BIBGIM |d 2019-11-20 |i 1403842 |o 332 WES 1968 |p 1403842 |r 2025-01-15 |w 2019-11-20 |y BK |k COM | ||